| 000 | 00608nam a2200229Ia 4500 | ||
|---|---|---|---|
| 003 | 0100 | ||
| 008 | 130303s9999 xx 000 0 und d | ||
| 020 | _a1589660714 | ||
| 040 | _cARRUPELIB | ||
| 050 | _aBX3755Z49 2003 | ||
| 100 | _aZeyen, Thomas E. | ||
| 245 | _aJesuit generals | ||
| 245 | _ba glimpse into a forgotten corner | ||
| 260 | _aScranton | ||
| 260 | _bThe University of Scranton Press | ||
| 260 | _C2003 | ||
| 300 | _avii | ||
| 300 | _b 91p. 23 cm | ||
| 650 | _bLabour supply-Zimbabwe-History-20th century | ||
| 650 | _cWorld War 11-Economic aspects-Zimbabwe | ||
| 942 |
_2lcc _01 |
||
| 999 |
_c61374 _d61374 |
||